00924nam a2200229 i 4500001000700000003000900007005001700016007000300033008004100036100002600077245008000103260005100183300002900234505011200263650004100375650003200416700002600448700004700474852003200521999001900553952012200572100858ES-MaACL20250809034605.0t|051006s1979 sp ||||1| spa d1 aMattes, Heinz.97911910aProblemas del derecho penal administrativo / cHeinz Mattes y Herta Mattes. aMadrid : bRevista de Derecho Privado, c1979. aXXIII, 538 p. ; c22 cm.8 aContiene: V. I.- Historia y Derecho comparado/ traducción y nota por José María Rodríguez Devesa... 4aDelitos de los funcionarios.916972807aDerecho penal2embne9117491 aMattes, Herta.9791201 aRodríguez Devesa, José María.998493 aES-MaACLjA-10592 bR.99863 c100858d100858 00104070aATENEOMbATENEOMcDEPO1d2008-01-17eSCl0oA-10592p1105301r2023-02-23 00:00:00w2023-02-23yMONOGRAFIA